ismerkedés egy ismerőssel. {Prezentarea unui cunoscut}

Elmentve itt :
Bibliográfiai részletek
Szerző: FODOR Sándor
Adatforrás:Meister
Forrásdokumentuma:A Hét. -
2002. 43, 4.
Nyelv:magyar
Kulcsszavak:jegyzet
nota
note
LEADER 00370nab a2200145 i 4500
001 bibPRO00011386
008 080908s2002 xx hun
040 |a Sz1 
041 |a hun 
100 1 |a FODOR Sándor 
245 1 0 |a ismerkedés egy ismerőssel. {Prezentarea unui cunoscut}  |c FODOR Sándor 
695 |a jegyzet 
695 |a nota 
695 |a note 
773 0 |t A Hét. -  |g 2002. 43, 4.